<?xml version="1.0" encoding="UTF-8"?><?xml-stylesheet type="text/xsl" href="static/style.xsl"?><OAI-PMH xmlns="http://www.openarchives.org/OAI/2.0/" xmlns:xsi="http://www.w3.org/2001/XMLSchema-instance" xsi:schemaLocation="http://www.openarchives.org/OAI/2.0/ http://www.openarchives.org/OAI/2.0/OAI-PMH.xsd"><responseDate>2026-04-18T03:43:26Z</responseDate><request verb="GetRecord" identifier="oai:www.recercat.cat:2099.1/16674" metadataPrefix="marc">https://recercat.cat/oai/request</request><GetRecord><record><header><identifier>oai:recercat.cat:2099.1/16674</identifier><datestamp>2025-07-23T06:46:28Z</datestamp><setSpec>com_2072_1033</setSpec><setSpec>col_2072_452951</setSpec></header><metadata><record xmlns="http://www.loc.gov/MARC21/slim" xmlns:dcterms="http://purl.org/dc/terms/" xmlns:xsi="http://www.w3.org/2001/XMLSchema-instance" xmlns:doc="http://www.lyncode.com/xoai" xsi:schemaLocation="http://www.loc.gov/MARC21/slim http://www.loc.gov/standards/marcxml/schema/MARC21slim.xsd">
   <leader>00925njm 22002777a 4500</leader>
   <datafield ind2=" " ind1=" " tag="042">
      <subfield code="a">dc</subfield>
   </datafield>
   <datafield ind2=" " ind1=" " tag="720">
      <subfield code="a">Franch Picó, Josep</subfield>
      <subfield code="e">author</subfield>
   </datafield>
   <datafield ind2=" " ind1=" " tag="260">
      <subfield code="c">2012-07-02</subfield>
   </datafield>
   <datafield ind2=" " ind1=" " tag="520">
      <subfield code="a">L'objectiu del projecte és aconseguir una vivenda sostenible, basada en la utilització d'energies&#xd;
renovables i en l'ús eficient de l'energia aconseguint un compromís amb l'aspecte econòmic.&#xd;
Es defineixen les característiques de la vivenda, parcel·la, així com la seva ubicació.&#xd;
S’ha realitzat un estudi i càlcul, dels elements elèctrics necessaris a utilitzar, així com la seva&#xd;
potència i s’han pogut determinar les previsions de càrrega. La previsió de càrrega s’ha realitzat&#xd;
tenint en compte el RBT, el CTE, el RITE i altre tipus de legislació vigent. Un cop trobades les&#xd;
previsions de càrrega s’han dibuixat uns plànols on en ells es dibuixaran tots els elements que&#xd;
composen la instal·lació.&#xd;
L’estudi s’ha centrat en la realització d’aspectes sostenibles, ecològics i medi ambientals; com&#xd;
han sigut el càlcul i la producció de l’energia elèctrica necessària mitjançant panells solars&#xd;
fotovoltaics. Seguidament, s’ha centrat amb el tema del confort de la casa, realitzant el càlcul de&#xd;
les càrregues tèrmiques, tant en el tema de la calefacció que s’ha optat pel terra radiant, com en&#xd;
el subministrament de l’aigua calenta sanitària (ACS), les dues parts mitjançat panells solars&#xd;
tèrmics.&#xd;
S’ha realitzat un estudi minuciós per captar l’aigua de pluja en un dipòsit, la qual desprès es&#xd;
retornada a la instal·lació interior, per utilitzar-la en els llocs que no són d’ús de boca. Seguint el&#xd;
mateix procés, també s’ha realitzat un estudi per poder recollir i tractar les aigües residuals de la&#xd;
vivenda, tenint l’opció en un futur d’un reaprofitament d’aquesta aigua.&#xd;
Cal destacar també que s’ha realitzat una valoració econòmica detallada de tots els punts&#xd;
tractats, i es compara l’estalvi econòmic que aporta un disseny sostenible.&#xd;
Per concloure, s'ha efectuat un estudi d’impacte ambiental que compara la totalitat de&#xd;
l’energia elèctrica produïda pròpiament per l’edifici respecte la demanda energètica real. Amb&#xd;
l'objectiu de poder determinar que l’edifici és totalment autosuficient i la viabilitat per a la seva&#xd;
posterior aplicació. Un altre punt diferent de l'estalvi energètic que s'aconsegueix, és la&#xd;
disminució de les emissions de CO2 aconseguides gràcies a la utilització d'aquestes&#xd;
instal·lacions sostenibles.</subfield>
   </datafield>
   <datafield tag="653" ind2=" " ind1=" ">
      <subfield code="a">Àrees temàtiques de la UPC::Desenvolupament humà i sostenible::Enginyeria ambiental</subfield>
   </datafield>
   <datafield tag="653" ind2=" " ind1=" ">
      <subfield code="a">Àrees temàtiques de la UPC::Desenvolupament humà i sostenible::Desenvolupament sostenible::Energia i sostenibilitat</subfield>
   </datafield>
   <datafield tag="653" ind2=" " ind1=" ">
      <subfield code="a">Sustainability</subfield>
   </datafield>
   <datafield tag="653" ind2=" " ind1=" ">
      <subfield code="a">Sustainable living</subfield>
   </datafield>
   <datafield tag="653" ind2=" " ind1=" ">
      <subfield code="a">Sostenible</subfield>
   </datafield>
   <datafield tag="653" ind2=" " ind1=" ">
      <subfield code="a">Autosuficient</subfield>
   </datafield>
   <datafield tag="653" ind2=" " ind1=" ">
      <subfield code="a">Eficiència</subfield>
   </datafield>
   <datafield tag="653" ind2=" " ind1=" ">
      <subfield code="a">Panell PV</subfield>
   </datafield>
   <datafield tag="653" ind2=" " ind1=" ">
      <subfield code="a">Calefacció</subfield>
   </datafield>
   <datafield tag="653" ind2=" " ind1=" ">
      <subfield code="a">ACS</subfield>
   </datafield>
   <datafield tag="653" ind2=" " ind1=" ">
      <subfield code="a">Panell tèrmic</subfield>
   </datafield>
   <datafield tag="653" ind2=" " ind1=" ">
      <subfield code="a">Terra radiant</subfield>
   </datafield>
   <datafield tag="653" ind2=" " ind1=" ">
      <subfield code="a">RBT</subfield>
   </datafield>
   <datafield tag="653" ind2=" " ind1=" ">
      <subfield code="a">CTE</subfield>
   </datafield>
   <datafield tag="653" ind2=" " ind1=" ">
      <subfield code="a">Habitatges -- Aspectes ambientals</subfield>
   </datafield>
   <datafield ind2="0" ind1="0" tag="245">
      <subfield code="a">Electrificació i estudi tèrmic per realitzar una casa sostenible</subfield>
   </datafield>
</record></metadata></record></GetRecord></OAI-PMH>